100 films cultes - Statistiques

Statistiques générales
  • Ce quiz a été pris 3 163 fois
    2 315 depuis la dernière actualisation
  • Le résultat moyen est 24 sur 100
Statistiques - réponses
Films % Correct
10 Star Wars
78%
4 Titanic
75%
9 Harry potter
70%
1 Fight Club
68%
7 Le Parrain
61%
75 Le Seigneur des Anneaux
60%
6 Forrest Gump
56%
29 Interstellar
56%
2 Pulp Fiction
56%
79 Avatar
54%
64 Inception
51%
77 Jurassic Park
44%
16 La Ligne verte
43%
95 Batman
41%
93 Retour vers le futur
40%
87 Seven
40%
5 Kill Bill Vol.1
39%
34 Indiana Jones
37%
98 Matrix
36%
32 Scarface
34%
44 The Shining
34%
69 Drive
33%
89 Gladiator
33%
25 Alien
32%
12 Les Évadés
32%
65 Shutter Island
31%
18 Le Silence des agneaux
30%
27 Rocky
30%
15 La liste de Schindler
29%
26 Les Dents de la mer
29%
91 Terminator
29%
70 Dirty Dancing
28%
39 Top Gun
28%
62 Mission Impossible
27%
19 Les Affranchis
26%
22 Léon
25%
84 Pirates des Caraïbes
25%
99 The Truman Show
25%
61 Intouchables
24%
74 Le Bon, la Brute et le Truand
24%
47 Django Unchained
23%
54 Joker
23%
11 Psychose
23%
96 Apocalypse Now
22%
3 Il faut sauver le soldat Ryan
22%
8 Parasite
22%
68 Grease
21%
52 Maman, j'ai raté l'avion !
21%
28 Oppenheimer
21%
13 Orange Mécanique
21%
46 12 Hommes en colère
19%
23 La Haine
19%
38 Pretty Woman
19%
50 Taxi Driver
18%
35 Reservoir Dogs
17%
14 Usual Suspects
17%
17 Il était une fois dans l'Ouest
16%
20 Inglourious Basterds
16%
33 Le Cinquième Élément
16%
42 L'exorciste
16%
100 Mad Max
16%
37 2001, L'Odyssée de l'espace
15%
45 Memento
15%
71 Vol au-dessus d'un nid de coucou
15%
94 American Psycho
14%
48 Blade Runner
14%
49 Full Metal Jacket
14%
59 Will Hunting
14%
80 Heat
13%
83 Le Sixième Sens
13%
60 Piège de Cristal
13%
43 Citizen Kane
12%
41 Edward aux mains d'argent
12%
76 E.T. L’extra-terrestre
12%
86 Le Prestige
12%
67 Requiem for a Dream
12%
63 Arrête-moi si tu peux
11%
30 Il était une fois en Amérique
11%
51 Whiplash
11%
78 Casablanca
10%
58 Les Oiseaux
10%
36 Coup de foudre à Notting Hill
8%
85 Fenêtre sur cour
8%
81 West Side Story
8%
88 Gran Torino
7%
97 Mulholland Drive
7%
66 The Grand Budapest Hotel
7%
72 Thelma et Louise
7%
82 Chantons sous la pluie
6%
55 Love Actually
6%
31 Raging Bull
6%
24 The Thing
6%
56 Slumdog Millionaire
5%
57 Donnie Darko
4%
40 Lawrence d'Arabie
4%
73 Breakfast Club
3%
21 Metropolis
3%
92 Duel
2%
90 Las Vegas Parano
2%
53 La Folle Journée de Ferris Bueller
1%
Aucun quiz correspondant
Distribution des résultats
% des personnes avec chaque résultat
Percentile par nombre de réponses
Votre historique - résultats
Vous n’avez pas pris ce quiz depuis la dernière actualisation